UBT Library

Drejtimi financiar 1 / (Record no. 262)

000 -LEADER
fixed length control field 00513nam a22001937a 4500
008 - FIXED-LENGTH DATA ELEMENTS--GENERAL INFORMATION
fixed length control field 131111b xxu||||| |||| 00| 0 alb d
020 ## - INTERNATIONAL STANDARD BOOK NUMBER
International Standard Book Number 9994391186
041 0# - LANGUAGE CODE
Language code of text/sound track or separate title alb
080 ## - UNIVERSAL DECIMAL CLASSIFICATION NUMBER
Universal Decimal Classification number 336
Common auxiliary subdivision (075.8)
100 1# - Rafti
Rafti Xhafa, Halit
245 ## - TITLE STATEMENT
Title Drejtimi financiar 1 /
250 ## -
-- Botimi i 3të
260 ## -
-- Tiranë :
-- albPAPER ;
-- 2006.
300 ## -
-- 641 f. :
-- me il. ;
-- 24 cm.
500 ## -
-- Parathënie : f. [III] - [VI]
650 ## -
-- Financa
-- Tekste universitare
700 1# -
-- Ciceri, Beshir
942 ## - ADDED ENTRY ELEMENTS (KOHA)
Source of classification or shelving scheme
Item type Books
Holdings
Withdrawn status Lost status Source of classification or shelving scheme Damaged status Not for loan Collection code Permanent location Current location Shelving location Date acquired Total Checkouts Full call number Barcode Date last seen Koha item type
          Koleksioni i përgjithshem UBT - Prishtine UBT - Prishtine Koleksioni i përgjithshem 11/11/2013   336 (075.8) XHAF 001-000307 11/11/2013 Books
          Koleksioni i përgjithshem UBT - Prishtine UBT - Prishtine Koleksioni i përgjithshem 11/11/2013   336 (075.8) XHAF 001-000308 11/11/2013 Books
UBT Library © 2015-2024. All rights reserved University Education for Business and Technology